banner koha

Prevenção de Yersinia enterocolitica como um perigo microbiológico em fases de abate de suínos (Registro n. 185188)

MARC details
000 -LÍDER
campo de controle de tamanho fixo 01023nas a2200349 4500
001 - NÚMERO DE CONTROLE
campo de controle BR0601121
003 - IDENTIFICADOR DO NÚMERO DE CONTROLE
campo de controle BR-BrBNA
005 - DATA E HORÁRIO DA ÚLTIMA TRANSAÇÃO
campo de controle 20231205105902.0
007 - CAMPO FIXO DE DESCRIÇÃO FÍSICA--INFORMAÇÃO GERAL
campo de controle de tamanho fixo ta
008 - CAMPO DE DADOS FIXOS--INFORMAÇÃO GERAL
campo de controle de tamanho fixo 230509b bl.|||p| |||| 00| 00por d
040 ## - FONTE DA CATALOGAÇÃO
Instituição da catalogação original BR-BrBNA
Idioma da catalogação por
Instituição que transcreveu o registro Biblioteca Nacional de Agricultura
041 ## - CÓDIGO DE IDIOMA
Código do idioma do texto/trilha sonora ou título diferente (Pt)
072 ## - CÓDIGO DE CATEGORIA DE ASSUNTO
Código de Categoria de Assunto Q03; Q04
100 1# - ENTRADA PRINCIPAL--NOME PESSOAL
Nome pessoal Teodoro, V.A.M.
100 1# - ENTRADA PRINCIPAL--NOME PESSOAL
Nome pessoal Pinto, P.S. de A.
100 1# - ENTRADA PRINCIPAL--NOME PESSOAL
Nome pessoal Bevilacqua, P.D.
100 1# - ENTRADA PRINCIPAL--NOME PESSOAL
Nome pessoal Moraes, M.P.
100 1# - ENTRADA PRINCIPAL--NOME PESSOAL
Nome pessoal Vanetti, M.C.D.
100 1# - ENTRADA PRINCIPAL--NOME PESSOAL
Nome pessoal Pinto, M.S.
100 1# - ENTRADA PRINCIPAL--NOME PESSOAL
Nome pessoal Dias, F.S.
245 1# - TÍTULO
Título Prevenção de Yersinia enterocolitica como um perigo microbiológico em fases de abate de suínos
650 ## - ASSUNTO--TERMO TÓPICO
Cabeçalho tópico ou nome geográfico SUÍNO
650 ## - ASSUNTO--TERMO TÓPICO
Cabeçalho tópico ou nome geográfico ABATE
650 ## - ASSUNTO--TERMO TÓPICO
Cabeçalho tópico ou nome geográfico YERSINIA ENTEROCOLÍTICA
650 ## - ASSUNTO--TERMO TÓPICO
Cabeçalho tópico ou nome geográfico BACTÉRIA
650 ## - ASSUNTO--TERMO TÓPICO
Cabeçalho tópico ou nome geográfico ANÁLISE MICROBIOLÓGICA
650 ## - ASSUNTO--TERMO TÓPICO
Cabeçalho tópico ou nome geográfico APPCC
650 ## - ASSUNTO--TERMO TÓPICO
Cabeçalho tópico ou nome geográfico MINAS GERAIS
773 0# - ENTRADA ANALÍTICA
Título Higiene Alimentar (Brazil)
ISSN - International Standard Serial Number ISSN 0101-9171
Partes relacionadas (Nov-Dec 2005), v. 19(137) p. 81-86
Número de controle do registro BR0601121
909 ## -
-- 202311
-- Lúcia
-- 55
-- Lúcia Elande
942 ## - ELEMENTOS DE ENTRADA ADICIONADOS (KOHA)
Fonte da classificação ou esquema de arquivamento na estante Classificação AGRIS
Ocultar no OPAC Não
Tipo de material Koha Analítica
Exemplares
Situação do descarte Fonte da classificação ou esquema de arquivamento na estante Situação física Não pode ser emprestado Biblioteca de origem Biblioteca atual Localização na estante Enumeração do periódico / cronologia Total de empréstimos Data de último acesso Número do exemplar Tipo de material Koha Fonte de aquisição
  Classificação AGRIS   Consulta local Biblioteca Nacional de Agricultura - Binagri Biblioteca Nacional de Agricultura - Binagri   (Nov-Dec 2005), v. 19(137) p. 81-86   29/11/2023 01 Periódicos Portaria Interministerial nº 164/94

BINAGRI

Telefone: (61)3218-2567/2388/3357/2097 - binagri@agro.gov.br

Ministério da Agricultura e Pecuária , Esplanada dos Ministérios, Bloco D, Anexo B, Brasília/DF, CEP: 70.043-900